Overovanie ročnej závierky v Spolkovej republike Nemecko

Salvato in:
Dettagli Bibliografici
Autore principale: Farkaš, Richard
Natura: Libro
Lingua:slovacco
Pubblicazione: Bratislava Elán 1992
Edizione:1. vyd.
Soggetti:
Tags: Aggiungi Tag
Nessun Tag, puoi essere il primo ad aggiungerne!!

MARC

LEADER 00000nam a2200000 4500
001 c004961
005 20221214090244.3
020 |a 80-85331-06-3 
041 0 |a slo 
044 |a SK 
245 1 0 |a Overovanie ročnej závierky v Spolkovej republike Nemecko  |c Richard Farkaš 
250 |a 1. vyd. 
264 1 |a Bratislava  |b Elán  |c 1992 
300 |a 135 s. 
610 2 0 |a revízia 
610 2 0 |a audítorstvo 
610 2 0 |a kontrola 
610 2 0 |a Nemecko 
610 2 0 |a účtovníctvo 
610 2 0 |a uzávierka účtovná 
100 1 |a Farkaš, Richard